| 000 | 00343nam a22001457a 4500 | ||
|---|---|---|---|
| 003 | SGT | ||
| 082 |
_a611 _bW25S |
||
| 100 | _aSONATAKKE, YOGHESH | ||
| 245 | _aWORKBOOK OF HUMANANATOMY LOWER LIMB ABDOMEN AND PELVIS VOI-2 | ||
| 250 | _a1ST | ||
| 260 |
_aINDIA _bCBS PUB _c2025 |
||
| 300 | _a102 | ||
| 650 | _aHUMAN ANATOMY | ||
| 942 |
_2ddc _cBK |
||
| 999 |
_c33156 _d33156 |
||